|
|
|
|
| LEADER |
01018ncm a22002652a 4500 |
| 001 |
001108734 |
| 003 |
CZ BrMZK |
| 005 |
20110520135600.0 |
| 007 |
qu |
| 008 |
100804s1950 xr |||||||||||||||||zxx d |
| 040 |
|
|
|a BOA001
|b cze
|
| 072 |
|
7 |
|a 786
|x Hudba pro klávesové nástroje
|2 Konspekt
|9 9
|
| 100 |
1 |
|
|a Berens, Hermann,
|d 1826-1880
|7 ola2008474645
|4 cmp
|
| 245 |
1 |
0 |
|a Nejnovější škola zručnosti, op. 61
|h [hudebnina] =
|b Nouvelle école de la vélocité
|c Hermann Berens ; rev. Emil Mikelka
|
| 246 |
3 |
1 |
|a Nouvelle école de la vélocité
|
| 250 |
|
|
|a 1. vyd.
|
| 260 |
|
|
|a Praha :
|b Orbis,
|c [1950?]
|
| 300 |
|
|
|a 77 s. ;
|c 4°
|
| 500 |
|
|
|a Klavír
|
| 700 |
1 |
|
|a Mikelka, Emil,
|d 1894-1949
|7 kup20000000065229
|4 cmp
|
| 910 |
|
|
|a BOA001
|b Mus4-0251.435
|b PK-III-0030.682
|
| 990 |
|
|
|a MU
|
| 991 |
|
|
|b 201105
|
| 996 |
7 |
|
|b 2619499426
|c Mus4-0251.435
|l MZK
|r Sklad / do 1 hodiny
|n 1
|w 001136038
|u 000010
|a 1
|e BOA001
|j MZK50
|s A
|
| 996 |
6 |
|
|b 554275-10
|c PK-III-0030.682
|l MZK
|r Sklad / do 1 hodiny
|n 0
|w 001136038
|u 000020
|a 1
|e BOA001
|j MZK50
|s P
|